000 00550nam a2200193Ii 4500
001 8028
003 CO-ViMGA
008 241108s9999||||xx |||||||||||||| ||und||
040 _aCO-ViMGA
_bspa
_erda
_cCO-ViMGA
041 0 _aspa
082 0 4 _a343.07 A173
245 1 0 _aQué quedó de la emergencia económica
264 1 _aBogotá, Colombia : Presencia, 1985
300 _avolumen
336 _atext
_btxt
_2rdacontent
337 _aunmediated
_bn
_2rdamedia
338 _avolume
_bnc
_2rdacarrier
940 _aidficha_siabuc: 7850. -- ficha_no_siabuc:8028
999 _c47869
_d47869